Técnica de la argumentación jurídica /

Contenido: 1. La argumentación en el derecho; 2. Argumentación y comunicación; 3. La comunicación: análisis de situación; 4. Debate, discurso y diálogo del jurista; 5. Técnica de la argumentación jurídica; 6. Indicios y pruebas psicológicas; 7. Credibilidad de los argumentos: argumentos rigurosos; 8...

Whakaahuatanga katoa

I tiakina i:
Ngā taipitopito rārangi puna kōrero
Kaituhi matua: Calonje, Concha (autor)
Hōputu: Pukapuka
Reo:Pāniora
I whakaputaina: Cizur Menor, España : Aranzadi, 2007, c2007
Rangatū:(Gestión de Despachos)
Ngā marau:
Ngā Tūtohu: Tāpirihia he Tūtohu
Kāore He Tūtohu, Me noho koe te mea tuatahi ki te tūtohu i tēnei pūkete!

MARC

LEADER 00000nam^a2200000^a^4500
001 000272975
005 20250521000000.0
009 20260310111116.518
020 |a 978-84-8355-151-6 
037 |a Acervo ITESO - Biblioteca 
041 |a ESP 
082 |a 340. 11  |b CAL 
100 |a Calonje, Concha  |e (autor) 
245 1 0 |a Técnica de la argumentación jurídica /  |c C. Calonje. 
264 4 |a Cizur Menor, España :  |b Aranzadi,  |c 2007, c2007 
300 |a 250 p. 
336 |a texto  |b txt  |2 rdacontenido 
337 |a sin mediación  |b n  |2 rdamedio 
338 |a volumen  |b nc  |2 rdasoporte 
440 1 |a (Gestión de Despachos) 
520 |a Contenido: 1. La argumentación en el derecho; 2. Argumentación y comunicación; 3. La comunicación: análisis de situación; 4. Debate, discurso y diálogo del jurista; 5. Técnica de la argumentación jurídica; 6. Indicios y pruebas psicológicas; 7. Credibilidad de los argumentos: argumentos rigurosos; 8. Argumentos de ejemplo; 9. Argumentos de probabilidad; 10. Técnica de la oposición "racional"; 11. Argumentos falsos o falacias; 12. El lenguaje jurídico y la comunicación no verbal. 
649 |a XX 
650 |a Argumentación -  |x Tema Principal 
650 |a Debates y el Arte de Discutir 
650 |a Comunicación Personal 
650 |a Lenguaje Jurídico 
650 |a Derecho -  |x Interpretación 
650 |a Derecho -  |x Teoría 
910 |a Fondo General 
920 |a Impresos - Libros 
930 |a Colección General 
905 |a 101 
901 |a 0500158381  |b IT1  |c ACC  |u 20250521 
902 |a https://opac.biblio.iteso.mx/vufind/Record/000272975